000 00459nam a22001691c 4500
001 a987669092
008 120319s2002 gw |||| 000u rus d
041 _arus
245 0 0 _aVoprosy social'noj i ekonomičeskoj istorii Sibiri XVII-načala XX vv. :
_bsbornik naučnych statej
264 _aOmsk :
_bIzd. OmGPU,
_c2002
300 _a140 S.
651 0 _aSibirien
655 0 _aAufsatzsammlung
942 _cMG
040 _cRU-10907106
003 RU-10907106
999 _c39338
_d39338